| 000 | 00000nam##2200000za#4500 |
| 001 | 9.571027 |
| 003 | CaOODSP |
| 005 | 20210624182526 |
| 007 | cr ||||||||||| |
| 008 | 150406|2003||||xxc|||||o f|0| 0 eng|d |
| 040 | |aCaOODSP|beng |
| 043 | |an-cn--- |
| 086 | 1 |aYC33-0/372-5E-PDF |
| 110 | 1 |aCanada. |bParliament. |bSenate. |bStanding Committee on National Security and Defence. |
| 245 | 14|aThe myth of security at Canada's airports / |h[electronic resource]|cThe Honourable Colin Kenny, chair ; the Honourable J. Michael Forrestall, deputy chair. |
| 246 | 3 |aReport of the Standing Senate Committee on National Security and Defence |
| 260 | |aOttawa - Ontario : |bSenate. |cJanuary 2003. |
| 300 | |a256p. |
| 490 | 1 |aReport of the Standing Senate Committee on National Security and Defence|v37th Parliament, 2nd Session, [5th report] |
| 590 | |a11-12-Supp|b2011-07-29 |
| 775 | 08|tLe mythe de la sécurité dans les aéroports canadiens / |w(CaOODSP)9.601670 |
| 830 | #0|aReport of the Standing Senate Committee on National Security and Defence ;|v37th Parliament, 2nd Session, [5th report]|w(CaOODSP)9.505249 |
| 856 | 40|ahttp://publications.gc.ca|qPDF|s829 KB|uhttps://publications.gc.ca/collections/collection_2011/sen/yc33-0/YC33-0-372-5-eng.pdf|y37th Parliament, 2nd Session, [5th report] |